Authoritarian politics in modern society; (Record no. 9705)

MARC details
000 -LEADER
fixed length control field 00958cam a2200289 4500
001 - CONTROL NUMBER
control field 1322558
005 - DATE AND TIME OF LATEST TRANSACTION
control field 20260511092810.0
008 - FIXED-LENGTH DATA ELEMENTS--GENERAL INFORMATION
fixed length control field 700515s1970 nyu b 001 0 eng
010 ## - LIBRARY OF CONGRESS CONTROL NUMBER
LC control number 78094304
020 ## - INTERNATIONAL STANDARD BOOK NUMBER
International Standard Book Number 0465005691
020 ## - INTERNATIONAL STANDARD BOOK NUMBER
International Standard Book Number 9780465005697
035 ## - SYSTEM CONTROL NUMBER
System control number 1322558
040 ## - CATALOGING SOURCE
Transcribing agency IRDP
050 00 - LIBRARY OF CONGRESS CALL NUMBER
Classification number JC481
Item number .A915
082 00 - DEWEY DECIMAL CLASSIFICATION NUMBER
Classification number 324.2 AUT
245 00 - TITLE STATEMENT
Title Authoritarian politics in modern society;
Remainder of title the dynamics of established one-party systems,
Statement of responsibility, etc. edited by Samuel P. Huntington and Clement H. Moore.
260 ## - PUBLICATION, DISTRIBUTION, ETC. (IMPRINT)
Place of publication, distribution, etc. New York,
Name of publisher, distributor, etc. Basic Books
Date of publication, distribution, etc. [1970]
300 ## - PHYSICAL DESCRIPTION
Extent x, 533 p.
Dimensions 25 cm.
504 ## - BIBLIOGRAPHY, ETC. NOTE
Bibliography, etc Includes bibliographical references.
650 #0 - SUBJECT ADDED ENTRY--TOPICAL TERM
Topical term or geographic name as entry element Totalitarianism.
650 #0 - SUBJECT ADDED ENTRY--TOPICAL TERM
Topical term or geographic name as entry element One-party systems.
700 1# - ADDED ENTRY--PERSONAL NAME
Personal name Huntington, Samuel P.,
Relator term ed.
700 1# - ADDED ENTRY--PERSONAL NAME
Personal name Moore, Clement Henry,
Relator term ed.
906 ## - LOCAL DATA ELEMENT F, LDF (RLIN)
a 7
b cbc
c orignew
d u
e ncip
f 19
g y-gencatlg
942 ## - ADDED ENTRY ELEMENTS (KOHA)
Source of classification or shelving scheme Dewey Decimal Classification
Koha item type BOOKS
Holdings
Withdrawn status Lost status Source of classification or shelving scheme Damaged status Not for loan Home library Current library Shelving location Date acquired Total Checkouts Full call number Barcode Date last seen Price effective from Koha item type
    Dewey Decimal Classification     Dodoma Dodoma Ground Floor 11/05/2026   324.2 AUT LIB003025 11/05/2026 11/05/2026 BOOKS

IRDP © 2021 :: Managed by ICT Team